[Event "FBL O"]
[Site "?"]
[Date "2018.12.09"]
[Round "5.1"]
[White "Schulz, Petra"]
[Black "Babiy, Olga"]
[Result "0-1"]
[WhiteElo "2075"]
[BlackElo "2275"]
[PlyCount "68"]
[EventDate "2018.10.27"]
[EventType "team-tourn"]
[EventCountry "GER"]
[WhiteTeam "Leipzig SV Blauweiss Allianz"]
[BlackTeam "Loeberitz SG"]
[WhiteTeamCountry "GER"]
[BlackTeamCountry "GER"]

1. e4 c6 2. d4 d5 3. Nc3 dxe4 4. Nxe4 Nf6 5. Nxf6+ exf6 6. c3 Bd6 7. Bd3 O-O 8.
Qc2 Re8+ 9. Ne2 h5 10. Be3 Nd7 11. O-O-O Nf8 12. Nf4 Bxf4 13. Bxf4 Be6 14. Kb1
b5 15. Rhe1 Ng6 16. Bc1 Qd5 17. b3 a5 18. Be4 Qd7 19. f4 Bg4 20. Bf3 Bxf3 21.
gxf3 a4 22. Rg1 axb3 23. Qxb3 Re2 24. Rd2 Qf5+ 25. Qc2 Qxc2+ 26. Rxc2 Rxc2 27.
Kxc2 Rxa2+ 28. Kb3 Rxh2 29. c4 bxc4+ 30. Kxc4 Rf2 31. Rh1 h4 32. Kd3 f5 33. Ke3
Ra2 34. Kd3 Ra1 0-1

[Event "FBL O"]
[Site "?"]
[Date "2018.12.09"]
[Round "5.2"]
[White "Otikova, Elina"]
[Black "Daemering, Katrin"]
[Result "1/2-1/2"]
[WhiteElo "2083"]
[BlackElo "2019"]
[PlyCount "133"]
[EventDate "2018.10.27"]
[EventType "team-tourn"]
[EventCountry "GER"]
[WhiteTeam "Loeberitz SG"]
[BlackTeam "Leipzig SV Blauweiss Allianz"]
[WhiteTeamCountry "GER"]
[BlackTeamCountry "GER"]

1. e4 c5 2. Nf3 d6 3. d4 cxd4 4. Nxd4 Nf6 5. Nc3 a6 6. Be2 Qc7 7. f4 e6 8. O-O
Be7 9. Kh1 Nc6 10. Be3 Bd7 11. Nb3 b5 12. a3 Rc8 13. Qe1 O-O 14. Qg3 Rfe8 15.
Rad1 b4 16. axb4 Nxb4 17. e5 Nfd5 18. Nxd5 Nxd5 19. Bxa6 Rb8 20. Bd3 Nxe3 21.
Qxe3 d5 22. Rf3 g6 23. Rh3 Bf8 24. Qf2 Ba4 25. Qh4 h6 26. Na1 Rxb2 27. f5 Rb4
28. Qg3 exf5 29. Re1 Qxe5 30. Rf1 Qxg3 31. Rxg3 Bg7 32. h3 Reb8 33. Rgf3 Rb1
34. Nb3 Rb2 35. Na1 Ra2 36. Nb3 Bxb3 37. Rb1 Ra1 38. Rff1 Ra3 39. Rfe1 Bc3 40.
Red1 Rb4 41. cxb3 Raxb3 42. Bc2 Rxb1 43. Rxb1 Rd4 44. Rd1 Kg7 45. Rxd4 Bxd4 46.
Bb3 f4 47. Bxd5 f5 48. Kh2 Bf2 49. Bf3 Kf6 50. Bd1 Kg5 51. Bf3 Kh4 52. Bd5 h5
53. Bf7 Kg5 54. Bd5 Kh6 55. Bc6 Kg7 56. Be8 Kf6 57. Kh1 h4 58. Bc6 g5 59. Bf3
Ke5 60. Kh2 Kd4 61. Bd1 Kd3 62. Bf3 Bc5 63. Bd1 Kd2 64. Bf3 Ke3 65. Kg1 Bd6 66.
Bd1 Bc5 67. Bf3 1/2-1/2

[Event "FBL O"]
[Site "?"]
[Date "2018.12.09"]
[Round "5.3"]
[White "Germann, Heike"]
[Black "Naumann, Nadine"]
[Result "1/2-1/2"]
[WhiteElo "2070"]
[BlackElo "1960"]
[PlyCount "119"]
[EventDate "2018.10.27"]
[EventType "team-tourn"]
[EventCountry "GER"]
[WhiteTeam "Leipzig SV Blauweiss Allianz"]
[BlackTeam "Loeberitz SG"]
[WhiteTeamCountry "GER"]
[BlackTeamCountry "GER"]

1. d4 d5 2. c4 e6 3. Nc3 c6 4. e3 Nf6 5. Nf3 Nbd7 6. Bd2 Bd6 7. Qc2 Qe7 8. Be2
dxc4 9. Bxc4 b5 10. Bd3 Bb7 11. O-O a6 12. a4 O-O 13. Rfc1 b4 14. Ne4 Nxe4 15.
Bxe4 Nf6 16. Bd3 a5 17. e4 e5 18. dxe5 Bxe5 19. Nxe5 Qxe5 20. Re1 Ng4 21. g3
Qh5 22. h4 Ne5 23. Be2 Nf3+ 24. Bxf3 Qxf3 25. Re3 Qf6 26. Rd1 Rfd8 27. Bc1
Rxd1+ 28. Qxd1 Rd8 29. Rd3 Rxd3 30. Qxd3 h6 31. Kg2 Qe7 32. Be3 Qc7 33. Bc5 Bc8
34. Qd4 Qd7 35. Qxd7 Bxd7 36. Bb6 c5 37. Bxc5 Bxa4 38. Bb6 Bc2 39. Bxa5 b3 40.
Kf3 f6 41. Kf4 Kf7 42. h5 Ke6 43. g4 Bd1 44. Bc3 Bc2 45. f3 Bd1 46. Ke3 Bc2 47.
Kf4 Bd1 48. Kg3 Bc2 49. Bd4 Bd3 50. Kf4 Be2 51. e5 fxe5+ 52. Bxe5 Kf7 53. Kg3
Bd1 54. f4 Be2 55. Kh4 Bd3 56. g5 hxg5+ 57. fxg5 g6 58. h6 Kg8 59. Kg3 Kh7 60.
Kf4 1/2-1/2

[Event "FBL O"]
[Site "?"]
[Date "2018.12.09"]
[Round "5.4"]
[White "Weise, Beatrix"]
[Black "Kalies, Grit"]
[Result "0-1"]
[WhiteElo "1737"]
[BlackElo "1972"]
[PlyCount "54"]
[EventDate "2018.10.27"]
[EventType "team-tourn"]
[EventCountry "GER"]
[WhiteTeam "Loeberitz SG"]
[BlackTeam "Leipzig SV Blauweiss Allianz"]
[WhiteTeamCountry "GER"]
[BlackTeamCountry "GER"]

1. d4 Nf6 2. Nf3 d6 3. c4 Nbd7 4. Nc3 g6 5. e4 Bg7 6. Bd3 c5 7. d5 O-O 8. O-O
Ng4 9. h3 Nge5 10. Nxe5 Nxe5 11. Be2 f5 12. f4 Nf7 13. Bd3 Nh6 14. Rb1 fxe4 15.
Bxe4 Bf5 16. Qe2 Qd7 17. Re1 Rae8 18. Qf3 Kh8 19. Kh1 e5 20. fxe5 Bxe4 21. Qxe4
Rxe5 22. Qh4 Nf5 23. Qf2 Rxe1+ 24. Qxe1 Ng3+ 25. Kg1 Rf1+ 26. Qxf1 Nxf1 27.
Kxf1 Qf5+ 0-1

[Event "FBL O"]
[Site "?"]
[Date "2018.12.09"]
[Round "5.5"]
[White "Von Herman, Brigitte"]
[Black "Giebel, Christine"]
[Result "1-0"]
[WhiteElo "2060"]
[BlackElo "1844"]
[PlyCount "53"]
[EventDate "2018.10.27"]
[EventType "team-tourn"]
[EventCountry "GER"]
[WhiteTeam "Leipzig SV Blauweiss Allianz"]
[BlackTeam "Loeberitz SG"]
[WhiteTeamCountry "GER"]
[BlackTeamCountry "GER"]

1. e4 d5 2. exd5 Nf6 3. d4 Nxd5 4. Bd3 Nc6 5. c3 g6 6. Nf3 Bg7 7. O-O O-O 8.
Re1 Re8 9. b4 Qd6 10. b5 Nd8 11. Ne5 Nxc3 12. Nxc3 Qxd4 13. Bb2 Bxe5 14. Na4
Bxh2+ 15. Kxh2 Qxf2 16. Rc1 Qf4+ 17. Kg1 Bg4 18. Qc2 Ne6 19. Re4 Qg5 20. Qc3 f6
21. Bc4 Kg7 22. Bxe6 Bxe6 23. Rxe6 Qxb5 24. Rxe7+ Kh6 25. Qh3+ Kg5 26. Qe3+ Kh5
27. Rc5+ 1-0

[Event "FBL O"]
[Site "?"]
[Date "2018.12.09"]
[Round "5.6"]
[White "Schuster, Rebekka"]
[Black "Just, Anita"]
[Result "1-0"]
[WhiteElo "1811"]
[BlackElo "1884"]
[PlyCount "135"]
[EventDate "2018.10.27"]
[EventType "team-tourn"]
[EventCountry "GER"]
[WhiteTeam "Loeberitz SG"]
[BlackTeam "Leipzig SV Blauweiss Allianz"]
[WhiteTeamCountry "GER"]
[BlackTeamCountry "GER"]

1. e4 e6 2. d4 d5 3. exd5 exd5 4. Bd3 Nc6 5. c3 Bd6 6. Nf3 Nge7 7. O-O Bg4 8.
Bg5 f6 9. Bh4 Qd7 10. Nbd2 O-O-O 11. b4 Rde8 12. Bg3 h5 13. Bxd6 Qxd6 14. a4 h4
15. h3 Bd7 16. Nh2 Qf4 17. Nb3 g5 18. Nc5 Bf5 19. Re1 Nd8 20. Re3 Bxd3 21. Qxd3
Qf5 22. Qxf5+ Nxf5 23. Rf3 Nd6 24. Rxf6 b6 25. Nd3 Ne4 26. Rf5 Nxc3 27. Rxg5
Re4 28. Nf3 Ne6 29. Re5 Nxd4 30. Rxe4 Nxf3+ 31. gxf3 dxe4 32. fxe4 Nxe4 33. Re1
Rg8+ 34. Kf1 Nd2+ 35. Ke2 Nc4 36. Kf3 Kd8 37. Rc1 Nd6 38. Re1 Nc4 39. Rc1 Nd6
40. Re1 Rg7 41. Re5 Nf7 42. Rh5 Ng5+ 43. Kg4 Ne4+ 44. Kxh4 Rf7 45. f4 Nc3 46.
a5 Ke7 47. axb6 axb6 48. Kg4 Ke6 49. h4 Nd5 50. Re5+ Kd6 51. Re1 Rg7+ 52. Kf5
Ne7+ 53. Kf6 Rh7 54. Re6+ Kd7 55. Ne5+ Ke8 56. Kg5 Kf8 57. h5 Ng8 58. Ng6+ Kf7
59. Rc6 Ke8 60. f5 Nh6 61. Re6+ Kd8 62. Re7 Rxe7 63. Nxe7 Kxe7 64. Kxh6 Kf6 65.
Kh7 Kf7 66. b5 Kf6 67. Kg8 Kxf5 68. h6 1-0

[Event "FBL O"]
[Site "?"]
[Date "2018.12.09"]
[Round "5.1"]
[White "Mucha, Annegret"]
[Black "Ratay, Meike"]
[Result "1-0"]
[WhiteElo "2049"]
[BlackElo "2037"]
[PlyCount "97"]
[EventDate "2018.10.27"]
[EventType "team-tourn"]
[EventCountry "GER"]
[WhiteTeam "Zeulenroda SC Rochade"]
[BlackTeam "Saalfeld MTV"]
[WhiteTeamCountry "GER"]
[BlackTeamCountry "GER"]

1. e4 c5 2. Nc3 a6 3. a4 b6 4. f4 Bb7 5. Nf3 e6 6. d3 d5 7. Be2 d4 8. Nb1 Nf6
9. O-O Be7 10. Nbd2 Nc6 11. Nc4 Qc7 12. Nfe5 O-O 13. g4 b5 14. Nxc6 Bxc6 15.
Ne5 Bb7 16. g5 Nd7 17. Nxd7 Qxd7 18. f5 exf5 19. exf5 f6 20. g6 hxg6 21. fxg6
Qh3 22. Rf2 Bd6 23. Qf1 Qh4 24. Bf4 Rad8 25. Bxd6 Rxd6 26. Bf3 Bxf3 27. Rxf3
Qh5 28. axb5 axb5 29. Qg2 f5 30. Rg3 Qh6 31. Rg5 Qh4 32. Rg3 Qh5 33. Rg5 Qh4
34. Qg3 Qxg3+ 35. Rxg3 Re8 36. Rf1 Rf6 37. h4 Re2 38. Rf2 Rxf2 39. Kxf2 Kf8 40.
Kf3 Ke7 41. h5 Rf8 42. Kf4 Ke6 43. Rg1 Kf6 44. Ra1 Ke6 45. Re1+ Kd6 46. Re5 b4
47. Rxf5 Rxf5+ 48. Kxf5 c4 49. b3 1-0

[Event "FBL O"]
[Site "?"]
[Date "2018.12.09"]
[Round "5.2"]
[White "Dietrich, Mareike"]
[Black "Skibbe, Diana"]
[Result "1/2-1/2"]
[WhiteElo "1719"]
[BlackElo "2035"]
[PlyCount "23"]
[EventDate "2018.10.27"]
[EventType "team-tourn"]
[EventCountry "GER"]
[WhiteTeam "Saalfeld MTV"]
[BlackTeam "Zeulenroda SC Rochade"]
[WhiteTeamCountry "GER"]
[BlackTeamCountry "GER"]

1. e4 e5 2. Nf3 Nc6 3. Bc4 Nf6 4. d4 exd4 5. O-O Nxe4 6. Re1 d5 7. Bxd5 Qxd5 8.
Nc3 Qh5 9. Nxe4 Be7 10. Bg5 Be6 11. Bxe7 Nxe7 12. Nxd4 1/2-1/2

[Event "FBL O"]
[Site "?"]
[Date "2018.12.09"]
[Round "5.3"]
[White "Schott, Maria"]
[Black "Grund, Melanie"]
[Result "1-0"]
[WhiteElo "1816"]
[BlackElo "1748"]
[PlyCount "107"]
[EventDate "2018.10.27"]
[EventType "team-tourn"]
[EventCountry "GER"]
[WhiteTeam "Zeulenroda SC Rochade"]
[BlackTeam "Saalfeld MTV"]
[WhiteTeamCountry "GER"]
[BlackTeamCountry "GER"]

1. Nf3 Nf6 2. c4 d5 3. d4 e6 4. Nc3 c5 5. cxd5 Nxd5 6. e4 Nxc3 7. bxc3 cxd4 8.
cxd4 Nc6 9. Bc4 Bb4+ 10. Bd2 Bxd2+ 11. Qxd2 Qa5 12. d5 Qxd2+ 13. Nxd2 exd5 14.
exd5 Nd4 15. O-O O-O 16. Rfd1 b5 17. Bf1 Rd8 18. Nb3 Nxb3 19. axb3 Bb7 20. d6
a6 21. g3 g6 22. Bg2 Bxg2 23. Kxg2 a5 24. Rd5 b4 25. Kf1 a4 26. bxa4 Ra6 27.
Rd4 b3 28. Rb1 Rb6 29. Rd3 Rb4 30. a5 Rb5 31. Rbxb3 Rxa5 32. Rb7 Re5 33. Re7 f6
34. Rc7 Re6 35. d7 Kf7 36. Rc4 Re7 37. Rcd4 Ke6 38. Rd6+ Kf7 39. Kg2 f5 40. Kf3
h6 41. h4 Re4 42. h5 Rg4 43. hxg6+ Rxg6 44. Rxg6 Kxg6 45. Kf4 h5 46. Rd6+ Kg7
47. Kxf5 h4 48. gxh4 Kf7 49. h5 Ke7 50. Ke5 Kf7 51. h6 Kg8 52. Ke6 Kh7 53. Ke7
Re8+ 54. Kxe8 1-0

[Event "FBL O"]
[Site "?"]
[Date "2018.12.09"]
[Round "5.4"]
[White "Lorenz, Anouk"]
[Black "Wagner, Victoria"]
[Result "1/2-1/2"]
[WhiteElo "1413"]
[BlackElo "1777"]
[PlyCount "111"]
[EventDate "2018.10.27"]
[EventType "team-tourn"]
[EventCountry "GER"]
[WhiteTeam "Saalfeld MTV"]
[BlackTeam "Zeulenroda SC Rochade"]
[WhiteTeamCountry "GER"]
[BlackTeamCountry "GER"]

1. e4 c5 2. Nf3 d6 3. d4 cxd4 4. Nxd4 Nf6 5. f3 e5 6. Nb3 Be6 7. c4 Be7 8. Be3
Qc7 9. N1d2 a5 10. Bd3 Nc6 11. O-O O-O 12. a3 Nh5 13. Nc1 a4 14. Ne2 Nf6 15.
Nc3 Nd7 16. Nxa4 Nc5 17. Nxc5 dxc5 18. Nb3 b6 19. Qc2 Bd6 20. Rfd1 h6 21. Rac1
Nd4 22. Nxd4 exd4 23. Bf2 Bxh2+ 24. Kf1 Bf4 25. Ra1 Bg3 26. b4 Bd6 27. Rdc1 Ra7
28. Ra2 Rfa8 29. Rca1 Be5 30. bxc5 bxc5 31. a4 Bd7 32. Be1 Qc6 33. a5 Qf6 34.
Qf2 Bc7 35. Ra3 Qd8 36. Qa2 Ra6 37. Qd2 Qf6 38. Qf2 Bf4 39. Bd2 Bxd2 40. Qxd2
Qh4 41. Qf2 Qd8 42. Qd2 g5 43. Qe1 Qc7 44. R3a2 Qf4 45. Rf2 h5 46. e5 Re8 47.
Qe4 Qxe4 48. Bxe4 Bc6 49. Bxc6 Rxc6 50. a6 Ra8 51. a7 Rc7 52. Rfa2 Kg7 53. Ra6
Kf8 54. Ke2 Ke7 55. Kd3 Rd7 56. Ke2 1/2-1/2

[Event "FBL O"]
[Site "?"]
[Date "2018.12.09"]
[Round "5.6"]
[White "Lorenz, Keana"]
[Black "Riemer Nlula, Marion"]
[Result "0-1"]
[WhiteElo "1459"]
[BlackElo "1803"]
[PlyCount "26"]
[EventDate "2018.10.27"]
[EventType "team-tourn"]
[EventCountry "GER"]
[WhiteTeam "Saalfeld MTV"]
[BlackTeam "Zeulenroda SC Rochade"]
[WhiteTeamCountry "GER"]
[BlackTeamCountry "GER"]

1. e4 d5 2. exd5 Nf6 3. Bc4 Nxd5 4. d4 Nb6 5. Bb3 Nc6 6. c3 Bf5 7. Ne2 e6 8.
O-O Bd6 9. c4 Bxh2+ 10. Kxh2 Qh4+ 11. Kg1 O-O-O 12. Bf4 Nxd4 13. Qc1 Nxe2# 0-1

[Event "FBL O"]
[Site "?"]
[Date "2019.01.12"]
[Round "6.2"]
[White "Lowke, Kathrin"]
[Black "Wong, Kar Yan"]
[Result "1-0"]
[WhiteElo "1876"]
[BlackElo "1755"]
[PlyCount "127"]
[EventDate "2018.10.27"]
[EventType "team-tourn"]
[EventCountry "GER"]
[WhiteTeam "Leipzig SC Lindenau"]
[BlackTeam "Dresden USV TU"]
[WhiteTeamCountry "GER"]
[BlackTeamCountry "GER"]

1. e4 c5 2. Nf3 d6 3. d4 cxd4 4. Nxd4 Nf6 5. Nc3 a6 6. Bg5 Nbd7 7. Be2 g6 8.
Qd2 Qc7 9. h4 h6 10. Be3 e6 11. g4 b5 12. g5 b4 13. Ncb5 axb5 14. Nxb5 Qb8 15.
gxf6 Nxf6 16. Qxb4 Nxe4 17. Qxe4 Bb7 18. Qd4 e5 19. Qb6 Bxh1 20. Nc7+ Ke7 21.
Nxa8 Qxa8 22. Qa7+ Qxa7 23. Bxa7 Bg7 24. a4 Be4 25. Kd2 Bf6 26. f3 Bc6 27. Bf2
e4 28. fxe4 Bxb2 29. Ra2 Be5 30. a5 Bxe4 31. a6 Ra8 32. a7 Kd7 33. c3 Bf4+ 34.
Kd1 g5 35. hxg5 hxg5 36. Rb2 f5 37. Rb8 Kc7 38. Bb6+ Kd7 39. Ba6 Ke6 40. Bc8+
Kf6 41. c4 g4 42. Bb7 Bxb7 43. Rxb7 d5 44. c5 Rh8 45. c6 g3 46. c7 g2 47. Rb8
Bxc7 48. a8=Q Bxb8 49. Bd4+ Kg5 50. Ke2 Be5 51. Qxd5 Bxd4 52. Qxd4 Rg8 53. Kf3
Kh6 54. Qh4+ Kg7 55. Kxg2 f4 56. Qxf4 Rf8 57. Qe5+ Kg8 58. Kg3 Rf7 59. Kg4 Rg7+
60. Kf5 Kf8 61. Kf6 Rf7+ 62. Kg6 Kg8 63. Qe8+ Rf8 64. Qe7 1-0

[Event "FBL O"]
[Site "?"]
[Date "2019.01.12"]
[Round "6.3"]
[White "Hartmann, Anne"]
[Black "Spangenberg, Romy"]
[Result "1/2-1/2"]
[WhiteElo "1790"]
[BlackElo "1866"]
[PlyCount "114"]
[EventDate "2018.10.27"]
[EventType "team-tourn"]
[EventCountry "GER"]
[WhiteTeam "Dresden USV TU"]
[BlackTeam "Leipzig SC Lindenau"]
[WhiteTeamCountry "GER"]
[BlackTeamCountry "GER"]

1. c4 e5 2. Nc3 Nf6 3. d3 c6 4. Nf3 d6 5. g3 Be7 6. Bg2 O-O 7. O-O Qc7 8. e4
Be6 9. Bg5 Nbd7 10. Rc1 h6 11. Be3 a6 12. a4 Qa5 13. Bd2 Rfb8 14. b3 Qd8 15.
Ne1 b5 16. axb5 axb5 17. Nc2 Nc5 18. Nb4 Qd7 19. Ne2 Ra3 20. Rc3 d5 21. exd5
cxd5 22. Nxd5 Nxd5 23. cxd5 Bxd5 24. b4 Rxc3 25. Bxc3 Bxg2 26. Kxg2 Nxd3 27.
Nc1 Rd8 28. Qxd3 Qxd3 29. Nxd3 Rxd3 30. Bxe5 Rb3 31. f4 Bxb4 32. Kh3 Ba3 33.
Rd1 f6 34. Bd6 Bxd6 35. Rxd6 Kf7 36. Rb6 Kg6 37. Rb7 Rb1 38. Kh4 Rb2 39. h3 h5
40. Rb8 b4 41. Rh8 b3 42. Rxh5 Rh2 43. Rb5 b2 44. g4 Kf7 45. Kg3 Rc2 46. h4 Ke6
47. g5 fxg5 48. fxg5 Kd6 49. Kf3 Kc6 50. Rb8 Kd5 51. h5 Kc4 52. h6 gxh6 53. g6
Rc3+ 54. Kf2 Rb3 55. Rxb3 Kxb3 56. g7 b1=Q 57. g8=Q+ Kc3 1/2-1/2

[Event "FBL O"]
[Site "?"]
[Date "2019.01.12"]
[Round "6.4"]
[White "Weimert, Miriam"]
[Black "Gottschall, Ina"]
[Result "1-0"]
[WhiteElo "1829"]
[BlackElo "1645"]
[PlyCount "91"]
[EventDate "2018.10.27"]
[EventType "team-tourn"]
[EventCountry "GER"]
[WhiteTeam "Leipzig SC Lindenau"]
[BlackTeam "Dresden USV TU"]
[WhiteTeamCountry "GER"]
[BlackTeamCountry "GER"]

1. Nf3 Nf6 2. c4 g6 3. b3 Bg7 4. Bb2 d6 5. d4 O-O 6. e3 Nbd7 7. Be2 c6 8. O-O
d5 9. Nbd2 Ne8 10. Qc2 Ndf6 11. Bd3 Nd6 12. Rfe1 Bf5 13. Bxf5 Nxf5 14. e4 dxe4
15. Nxe4 Rc8 16. Rad1 Re8 17. d5 cxd5 18. Nxf6+ exf6 19. Rxe8+ Qxe8 20. Rxd5
Nh4 21. Nd2 Qe1+ 22. Nf1 Re8 23. Rd1 Qe6 24. h3 Qc6 25. Ne3 Bh6 26. Nd5 Bg7 27.
Qd2 Nf5 28. Re1 Rxe1+ 29. Qxe1 Qd6 30. Qe8+ Qf8 31. Nxf6+ Bxf6 32. Qxf8+ Kxf8
33. Bxf6 Nd6 34. Kf1 Ke8 35. Ke2 b5 36. c5 Ne4 37. Bd4 Kd7 38. Kd3 f5 39. b4
Kc6 40. h4 g5 41. f3 Ng3 42. hxg5 Nh5 43. Be5 Kd5 44. c6 Kxc6 45. Kd4 a6 46. g4
1-0

[Event "FBL O"]
[Site "?"]
[Date "2019.01.12"]
[Round "6.5"]
[White "Stockdreher, Diana"]
[Black "Herbrig, Marie Helen"]
[Result "0-1"]
[WhiteElo "1477"]
[BlackElo "1873"]
[PlyCount "104"]
[EventDate "2018.10.27"]
[EventType "team-tourn"]
[EventCountry "GER"]
[WhiteTeam "Dresden USV TU"]
[BlackTeam "Leipzig SC Lindenau"]
[WhiteTeamCountry "GER"]
[BlackTeamCountry "GER"]

1. e4 c5 2. Nf3 Nc6 3. Nc3 Nf6 4. Bc4 d6 5. O-O e6 6. d3 Be7 7. a3 a6 8. Ne2 b5
9. Ba2 Bb7 10. Ng3 Qc7 11. Re1 O-O 12. c3 Rac8 13. Bg5 h6 14. Bd2 Rfd8 15. Qc1
Bf8 16. h3 Nd7 17. Bf4 b4 18. axb4 cxb4 19. d4 Qb6 20. Qd2 a5 21. d5 exd5 22.
Bxd5 Nde5 23. Be3 Qc7 24. Rec1 bxc3 25. Rxc3 Qd7 26. Rcc1 Nxf3+ 27. gxf3 Qxh3
28. Bxc6 Bxc6 29. Rxa5 Qe6 30. Kg2 Bb7 31. Rxc8 Rxc8 32. Bd4 d5 33. e5 Qg6 34.
Rb5 Ba6 35. Rb6 Rc6 36. Rxc6 Qxc6 37. Qc3 Qg6 38. f4 Qb1 39. Qf3 Bc4 40. f5 Qc2
41. Qe3 Be7 42. e6 Bd3 43. exf7+ Kxf7 44. Qe6+ Ke8 45. Qxd5 Bc4 46. Qe5 Ba6 47.
Kh2 Bc8 48. Nh5 Qc6 49. Nxg7+ Kf7 50. Nh5 Bd6 51. Ng3 Bxe5 52. Bxe5 Bb7 0-1

[Event "FBL O"]
[Site "?"]
[Date "2019.01.12"]
[Round "6.1"]
[White "Arnhold, Steffi"]
[Black "Beltz, Franziska"]
[Result "0-1"]
[WhiteElo "2047"]
[BlackElo "2050"]
[PlyCount "86"]
[EventDate "2018.10.27"]
[EventType "team-tourn"]
[EventCountry "GER"]
[WhiteTeam "Niederwiesa SV Gruen Weiss"]
[BlackTeam "Leipzig SG"]
[WhiteTeamCountry "GER"]
[BlackTeamCountry "GER"]

1. e4 c5 2. Nf3 d6 3. d4 cxd4 4. Nxd4 Nf6 5. Nc3 a6 6. Bg5 Nbd7 7. f4 h6 8. Bh4
e6 9. Qe2 Qc7 10. O-O-O b5 11. a3 Bb7 12. g4 Nc5 13. Bg2 Rc8 14. Rhe1 Nfd7 15.
Kb1 Qb6 16. e5 Bxg2 17. Qxg2 dxe5 18. fxe5 b4 19. axb4 Qxb4 20. Qd2 Rb8 21. Nb3
Qb7 22. Ne4 g5 23. Bf2 Nxe4 24. Rxe4 Be7 25. Re3 a5 26. Qd4 Nb6 27. Red3 Nd5
28. Qa4+ Kf8 29. Be1 Kg7 30. c4 Nb4 31. Rd4 Qf3 32. Nxa5 Bc5 33. R4d2 Qe4+ 34.
Ka1 Ra8 35. Rf2 Rxa5 36. Qxa5 Ra8 37. Bxb4 Bxb4 38. Qxa8 Qxa8+ 39. Kb1 Qe4+ 40.
Rc2 Qxe5 41. Rdc1 Qe4 42. h3 Qd3 43. Ka2 Bd2 0-1

[Event "FBL O"]
[Site "?"]
[Date "2019.01.12"]
[Round "6.2"]
[White "Halas, Julia"]
[Black "Arnhold, Kerstin"]
[Result "0-1"]
[WhiteElo "1896"]
[BlackElo "2032"]
[PlyCount "140"]
[EventDate "2018.10.27"]
[EventType "team-tourn"]
[EventCountry "GER"]
[WhiteTeam "Leipzig SG"]
[BlackTeam "Niederwiesa SV Gruen Weiss"]
[WhiteTeamCountry "GER"]
[BlackTeamCountry "GER"]

1. d4 Nf6 2. c4 e6 3. Nf3 b6 4. g3 Bb7 5. Bg2 Be7 6. O-O d5 7. Nc3 c6 8. cxd5
exd5 9. Qc2 O-O 10. a3 Nbd7 11. b4 Re8 12. Nd2 Nf8 13. Bb2 Qd7 14. Rad1 Ng6 15.
Nb3 Rac8 16. Bc1 h6 17. Rfe1 Bd6 18. f3 c5 19. bxc5 bxc5 20. dxc5 Bxc5+ 21.
Nxc5 Rxc5 22. Qb2 Qc6 23. Bd2 d4 24. Na2 Rc4 25. Nb4 Qb6 26. Nd3 Qxb2 27. Nxb2
Rc2 28. Nd3 Ra2 29. a4 Ba6 30. a5 Bxd3 31. exd3 Rb8 32. f4 Rbb2 33. Re2 Rxa5
34. Kf1 Raa2 35. Ke1 Ra3 36. f5 Nf8 37. Bf4 Rxe2+ 38. Kxe2 Ra2+ 39. Kf3 N8d7
40. Rc1 a5 41. Rc4 a4 42. Rxd4 a3 43. Ra4 Nb6 44. Ra6 Nbd7 45. Bd6 h5 46. h3
Kh7 47. d4 Rd2 48. Rxa3 Rxd4 49. Bf4 Nd5 50. Bc1 Rd1 51. Bb2 Rd2 52. Ba1 Ne7
53. g4 h4 54. Bf1 Nc6 55. Be2 Nce5+ 56. Ke3 Rc2 57. Rc3 Ra2 58. Rc1 Ra3+ 59.
Bc3 f6 60. Kf2 Nc5 61. Bxe5 Ne4+ 62. Kg2 fxe5 63. Re1 Rg3+ 64. Kh2 Ng5 65. Bd1
Rxh3+ 66. Kg2 Rg3+ 67. Kh2 e4 68. Be2 Nf3+ 69. Bxf3 exf3 70. Rf1 Kh6 0-1

[Event "FBL O"]
[Site "?"]
[Date "2019.01.12"]
[Round "6.3"]
[White "Nobis, Martina"]
[Black "Beltz, Martina"]
[Result "1/2-1/2"]
[WhiteElo "1886"]
[BlackElo "1947"]
[PlyCount "48"]
[EventDate "2018.10.27"]
[EventType "team-tourn"]
[EventCountry "GER"]
[WhiteTeam "Niederwiesa SV Gruen Weiss"]
[BlackTeam "Leipzig SG"]
[WhiteTeamCountry "GER"]
[BlackTeamCountry "GER"]

1. e4 c5 2. Nf3 e6 3. c3 d6 4. Bb5+ Bd7 5. Bxd7+ Nxd7 6. O-O Ngf6 7. d3 c4 8.
Re1 Nc5 9. dxc4 Ncxe4 10. Qc2 Nc5 11. Nbd2 Be7 12. Nd4 O-O 13. N2f3 Rc8 14. b3
d5 15. cxd5 Nxd5 16. Bb2 Qb6 17. Rad1 Bf6 18. Qe2 Rfd8 19. Ne5 Qc7 20. Ndf3 Nf4
21. Qe3 Nd5 22. Qe2 Nf4 23. Qe3 Nd5 24. Qe2 Nf4 1/2-1/2

[Event "FBL O"]
[Site "?"]
[Date "2019.01.12"]
[Round "6.4"]
[White "Gempe, Anet"]
[Black "Orlova, Liubov"]
[Result "1-0"]
[WhiteElo "1968"]
[BlackElo "2014"]
[PlyCount "163"]
[EventDate "2018.10.27"]
[EventType "team-tourn"]
[EventCountry "GER"]
[WhiteTeam "Leipzig SG"]
[BlackTeam "Niederwiesa SV Gruen Weiss"]
[WhiteTeamCountry "GER"]
[BlackTeamCountry "GER"]

1. e4 c5 2. Nf3 Nc6 3. d4 cxd4 4. Nxd4 Nf6 5. Nc3 d6 6. Be2 g6 7. Be3 Bg7 8.
Qd2 O-O 9. f3 a6 10. O-O Bd7 11. Rfd1 Rc8 12. Bf1 Ne5 13. b3 Qc7 14. Nce2 b5
15. Rac1 Rfd8 16. Nf4 Nc6 17. Nxc6 Bxc6 18. c4 Qb7 19. cxb5 Bxb5 20. Rxc8 Rxc8
21. Rc1 Bxf1 22. Rxc8+ Qxc8 23. Kxf1 Nd7 24. Nd5 Qd8 25. Qc2 Ne5 26. Qc7 Qxc7
27. Nxc7 a5 28. Ke2 Nc6 29. Bb6 Kf8 30. Kd3 e6 31. a4 Ke7 32. Nb5 Kd7 33. Na3
d5 34. exd5 exd5 35. Nb5 f5 36. Nc7 Be5 37. Nxd5 Bxh2 38. Nf6+ Ke6 39. Nxh7
Ne5+ 40. Kd2 Bf4+ 41. Be3 Bg3 42. Ng5+ Kd5 43. Nh3 Nd7 44. Bf4 Bh4 45. Bc7 Nc5
46. Kc2 Be1 47. Nf4+ Kc6 48. Bd8 Bb4 49. Nxg6 Ne6 50. Bf6 Kd5 51. Bc3 Nd4+ 52.
Kb2 Nc6 53. Nf4+ Kd6 54. Nd3 Bc5 55. Bg7 Bb6 56. Kc3 Nd8 57. Kc4 Ne6 58. Be5+
Kc6 59. Nf4 Nf8 60. Bg7 Nd7 61. Nd5 Bd8 62. Bc3 Nc5 63. Ne3 f4 64. Ng4 Nd7 65.
Ne5+ Nxe5+ 66. Bxe5 Bg5 67. Bc3 Bd8 68. Be5 Bg5 69. Kd4 Bh6 70. Kd3 Kc5 71. Bc3
Kb6 72. Kc4 Bg5 73. Kd5 Bh4 74. Bd4+ Ka6 75. Ke6 Kb7 76. Bc3 Kb6 77. b4 axb4
78. Bxb4 Bf2 79. Kf5 Be3 80. Bd6 Ka5 81. Bxf4 Bc5 82. g4 1-0

[Event "FBL O"]
[Site "?"]
[Date "2019.01.12"]
[Round "6.5"]
[White "Kindt, Ulrike"]
[Black "Just, Gabriele"]
[Result "1/2-1/2"]
[WhiteElo "1771"]
[BlackElo "1854"]
[PlyCount "69"]
[EventDate "2018.10.27"]
[EventType "team-tourn"]
[EventCountry "GER"]
[WhiteTeam "Niederwiesa SV Gruen Weiss"]
[BlackTeam "Leipzig SG"]
[WhiteTeamCountry "GER"]
[BlackTeamCountry "GER"]

1. d4 e6 2. Nf3 f5 3. e3 Nf6 4. c4 a5 5. Nc3 Bb4 6. a3 Bxc3+ 7. bxc3 d6 8. Be2
O-O 9. Rb1 Qe8 10. O-O Nbd7 11. Qc2 Ne4 12. Nd2 Nxd2 13. Bxd2 e5 14. f3 Qh5 15.
Be1 f4 16. exf4 exf4 17. Rb5 Qe8 18. Bd3 Nf6 19. Bd2 c6 20. Rbb1 g5 21. Rfe1
Qf7 22. c5 dxc5 23. Re5 h6 24. Rxc5 Be6 25. c4 Qd7 26. Bc3 Qe7 27. Re5 Qd7 28.
Rbe1 Rfe8 29. Bg6 Bf7 30. Bxf7+ Qxf7 31. Rxe8+ Rxe8 32. Rxe8+ Qxe8 33. Qd3 a4
34. h3 Kf7 35. Kf2 1/2-1/2